| 000 | 00563cam0a220021700 4500 | ||
|---|---|---|---|
| 001 | zam00003547 | ||
| 008 | 951128s1976 xx eng u | ||
| 035 | _a(Sirsi) r20873 | ||
| 035 | _a(MACHINE)SLC. | ||
| 100 |
_aDittmar, N. _6A82400.1 |
||
| 245 | 1 | 0 | _aSociolinguistics. |
| 260 | _c1976. | ||
| 949 |
_aP40 _wlcc _mMAIN _tBOOK _lON-SHELF |
||
| 004 | 20873 | ||
| 591 | _aClass code: E 949. | ||
| 591 | _aCourse: Sociolinguistics. | ||
| 591 | _aSchool: S05. | ||
| 591 | _aLecturer: Mr. HIRST, S.B. | ||
| 591 | _aNumber of Students: 21. | ||
| 909 | _aBook | ||
| 999 |
_c172253 _d172253 |
||